| 000 | 00000nam##2200000za#4500 |
| 001 | 9.700008 |
| 003 | CaOODSP |
| 005 | 20210625000635 |
| 007 | cr ||||||||||| |
| 008 | 150407|2007||||xxc|||||o f|0| 0 eng|d |
| 040 | |aCaOODSP|beng |
| 043 | |an-cn--- |
| 086 | 1 |aR64-208/2007E-PDF |
| 110 | 2 |aParks Canada. |
| 245 | 10|aNational Parks and National Historic Sites of Canada in Quebec |h[electronic resource] |
| 250 | |a2007 edition. |
| 260 | |aQuébec - Quebec : |bParks Canada |c2007. |
| 300 | |a33p.|bmaps, photographs |
| 500 | |aThe catalogue number (R64-208/2007E) and ISBN (0-662-44545-7) for the print edition have been copied in this electronic publication. |
| 590 | |a14-17-Supp|b2014-10-09 |
| 690 | 07|aHistoric sites|2gcpds |
| 690 | 07|aNational parks|2gcpds |
| 856 | 40|ahttp://publications.gc.ca|qPDF|s2581 KB|uhttps://publications.gc.ca/collections/collection_2014/pc/R64-208-2007-eng.pdf |